[Event "Skei"]
[Site "Skei"]
[Date "1993.??.??"]
[Round "3"]
[White "Hellers, Ferdinand"]
[Black "Baburin, Alexander"]
[Result "1-0"]
[WhiteElo "2565"]
[BlackElo "2550"]
[Annotator "Blatny,P"]
[PlyCount "61"]
[EventDate "1993.??.??"]
[EventType "tourn"]
[EventRounds "9"]
[EventCountry "NOR"]
[EventCategory "10"]
[SourceTitle "CBM 036"]
[Source "ChessBase"]
[SourceDate "1993.10.01"]
[SourceVersion "1"]
[SourceVersionDate "1993.10.01"]
[SourceQuality "1"]

1. e4 Nf6 2. e5 Nd5 3. d4 d6 4. Nf3 g6 5. Bc4 c6 (5... Nb6) 6. O-O Bg7 7. exd6
(7. Re1 dxe5 8. Nxe5 O-O 9. Bb3 Be6 10. Nd2 Nd7 11. Nef3 Nc7 12. c3 c5 13. Bc2
cxd4 14. Nxd4 Bd5 15. Nf1 e5 16. Nf3 Kh8 17. Ne3 $14) 7... Qxd6 (7... exd6 $6
8. Re1+ Be6 9. Ng5 $40) 8. Re1 Bg4 (8... Be6 9. Ng5 Bf5 10. Nd2 $5 Bxd4 11.
Nde4 Qb4 12. Bxd5 cxd5 13. c3 Qb6 $8 14. Qxd4 Qxd4 15. Nd6+ Kf8 16. cxd4 exd6
17. Bf4 Nc6 $1 (17... Kg7 18. Re7 $40) 18. Bxd6+ Kg7 $10) 9. h3 Bxf3 10. Qxf3
e6 (10... Bxd4 $5 11. Rd1 (11. Nc3 $5) (11. c3 Bg7 12. b3 $5 {/\Ba3~/=}) 11...
Qf6 $1 12. Bxd5 cxd5 13. Qxf6 (13. Qxd5 $2 Qxf2+ 14. Kh1 Nc6 $17) 13... Bxf6
14. Rxd5 Nc6 15. c3 $10) (10... O-O 11. c3 {/\Nd2-e4+/= [+]}) 11. c3 Nd7 12.
Nd2 b5 (12... N7f6 $142) 13. Bb3 O-O (13... N7f6 14. a4 {|^<<}) 14. Ne4 Qc7 15.
Bg5 $14 a5 (15... h6 16. Bh4 {/\Bg3-d6}) 16. a3 a4 17. Ba2 {/^a2-g8,/^b1-h7} f5
18. Nd2 Rae8 (18... h6 19. Rxe6 hxg5 20. Rxc6 $1 $18) 19. Re2 h6 20. Bh4 f4 (
20... Qd6 $5 {/\e5}) 21. Rae1 $1 {<->e,קe6} g5 22. Rxe6 Rxe6 23. Rxe6 N7f6 (
23... gxh4 24. Rxc6 $18) 24. Ne4 Kf7 (24... Nxe4 25. Qxe4 Rd8 (25... gxh4 $2
26. Rxc6 $18) (25... Kh8 26. Bb1 Nf6 27. Qg6 Kg8 (27... gxh4 28. Rxf6 $1 Bxf6
29. Qxh6+ Kg8 30. Ba2+ Rf7 31. Qxf6 $18) 28. Ba2 Kh8 29. Bxg5 hxg5 30. Qxg5 $40
) 26. Qg6 $1 (26. Re8+ Rxe8 27. Qxe8+ Bf8 (27... Kh7 28. Bb1#) 28. Qe6+ Kg7 29.
Bxd5 cxd5 30. Bxg5 hxg5 31. Qxd5 Be7 32. Qxb5 {+/-/+- _|_}) 26... Qf7 27. Qxf7+
Kxf7 28. Rxc6 gxh4 29. Rc5 $1 Ke6 30. Rxb5 {/\Kf1-e2-d3-e4+-}) 25. Re5 (25.
Nxf6 $2 Kxe6 26. Nxd5 cxd5 27. Qxd5+ Ke7 28. Bxg5+ hxg5 29. Qxg5+ Bf6) 25...
Nxe4 (25... gxh4 26. Qxf4 $1 Re8 27. Qf5 $40) 26. Rxe4 Bf6 (26... gxh4 $142 27.
Qh5+ $1 Kg8 28. Bxd5+ cxd5 29. Qxd5+ Qf7 30. Qxb5 f3 {+/=/+/- _|_} 31. gxf3)
27. Bxg5 (27. Qh5+ Kg7) 27... hxg5 28. h4 $1 Rh8 29. hxg5 Bxg5 30. Re5 Kf6 $2
$138 (30... Bf6 $8 31. Bxd5+ cxd5 32. Qxd5+ $16) 31. Qg4 $18 {><f5,e6,g5} 1-0

[Event "Biel"]
[Site "Biel"]
[Date "1992.??.??"]
[Round "7"]
[White "Lautier, Joel"]
[Black "Shirov, Alexei"]
[Result "1/2-1/2"]
[WhiteElo "2580"]
[BlackElo "2710"]
[Annotator "Blatny,P"]
[PlyCount "105"]
[EventDate "1992.07.??"]
[EventType "tourn"]
[EventRounds "14"]
[EventCountry "SUI"]
[EventCategory "16"]
[SourceTitle "CBM 031"]
[Source "ChessBase"]
[SourceDate "1992.12.01"]
[SourceVersion "1"]
[SourceVersionDate "1992.12.01"]
[SourceQuality "1"]

1. e4 Nf6 2. e5 Nd5 3. d4 d6 4. Nf3 dxe5 5. Nxe5 Nd7 6. Nf3 (6. Nxf7 {--> CBM30
}) 6... e6 7. c4 (7. g3 Be7 8. Bg2 (8. c4 N5f6 9. Bg2 $14) 8... b5 $1 $10 {
Jansa-Martin, Gausdal 1990}) 7... N5f6 8. Be2 c5 (8... Be7 9. O-O O-O 10. Nc3
b6 11. Bg5 Bb7 12. Re1 {+/=/=}) 9. O-O Bd6 10. Nc3 O-O 11. Bg5 h6 12. Bh4 g5 (
12... b6 13. d5 Re8 $14) 13. Bg3 Bxg3 14. hxg3 b6 15. d5 Re8 16. Re1 a6 17. Bf1
$14 Bb7 18. dxe6 fxe6 (18... Rxe6 19. Rxe6 fxe6 20. Qd6 Kf7 21. Rd1 $16) 19.
Qd6 Qe7 20. Rad1 Rac8 (20... Qxd6 $2 21. Rxd6 Kf7 22. Ne5+ Ke7 23. Nxd7 $1 Nxd7
24. Rdxe6+ $18) 21. Ne5 Qxd6 22. Rxd6 Nxe5 23. Rxe5 (23. Rxb6 $2 Bc6 $1 24.
Rxe5 Nd7 $19) 23... Rc6 24. Rd2 (24. Rd1 $5 Kf7 25. Be2 Ke7 26. Bf3 Rc7 $8 27.
Rde1 Kf7 28. Bxb7 Rxb7 29. f4 $14) 24... Kf7 25. Be2 Ke7 26. Nd5+ (26. Bf3 Rd6
$1 $10) 26... Nxd5 27. cxd5 Rd6 28. Rxe6+ (28. Bf3 Kf6 29. Rde2 Re7 $15) 28...
Rxe6 29. dxe6 Bc8 $1 $14 (29... Kxe6 $2 30. Bg4+ Kf6 $8 31. Rd6+ Ke5 32. Rxb6
$18) 30. a4 Rf8 31. Bc4 b5 $5 (31... Rf6 32. f3 a5 $6 33. Kf2 Bxe6 34. Re2 Kd6
35. Bxe6 Rxe6 36. Rxe6+ Kxe6 37. Ke3 {+/-/+- P_|_}) 32. axb5 axb5 33. Bxb5 Bxe6
34. Be2 Rd8 $1 35. Rc2 Kd6 36. f3 Bf5 37. Rd2+ Ke7 38. Rxd8 Kxd8 39. Kf2 Ke7
40. Ke3 Kd6 41. Bd3 Be6 42. f4 Bd7 $10 43. Be4 Bc8 44. Ba8 Be6 45. Kf3 Bc8 46.
Ke4 Bd7 47. Bb7 Be6 48. Ba8 (48. f5 $6 Ba2 49. f6 Bb1+ 50. Ke3 Ke6 51. Be4 Ba2
52. Bf3 $10) 48... Bd7 49. Bd5 Bb5 50. Bb3 Bd7 51. Bc4 Bc8 52. Bd5 Bd7 53. Bc4
1/2-1/2

[Event "Isle of Lewis"]
[Site "Isle of Lewis"]
[Date "1995.??.??"]
[Round "6"]
[White "Short, Nigel D"]
[Black "Agdestein, Simen"]
[Result "0-1"]
[WhiteElo "2655"]
[BlackElo "2600"]
[Annotator "Blatny,P"]
[PlyCount "108"]
[EventDate "1995.??.??"]
[EventType "tourn"]
[EventRounds "6"]
[EventCountry "SCO"]
[EventCategory "14"]
[SourceTitle "CBM 049"]
[Source "ChessBase"]
[SourceDate "1995.12.01"]
[SourceVersion "1"]
[SourceVersionDate "1995.12.01"]
[SourceQuality "1"]

1. e4 Nf6 2. e5 Nd5 3. d4 d6 4. Nf3 dxe5 5. Nxe5 g6 6. Bc4 c6 7. Bb3 (7. Nd2
Be6 8. Ne4 Nc7 9. Be2 Bd5 10. Bd3 Bg7 11. O-O O-O 12. c3 Nd7 13. f4 Bxe4 14.
Bxe4 Nf6 15. Bd3 e6 16. Qe2 Ncd5 17. Bd2 Qb6 18. Be1 Rac8 19. Bh4 c5 20. c4 Nb4
21. Bxf6 Bxf6 22. Nd7 Qd8 23. Nxf8 Qxd4+ 24. Kh1 Qxd3 25. Qxd3 Nxd3 26. Nd7 Bd4
27. Ne5 {1/2-1/2 Egger,J-Petrov,J/WchJM-U20 Buenos Aires ;EXP 32 1992}) (7. h4
Nd7 8. Nxd7 Bxd7 9. h5 Bg7 10. c3 Qc7 11. Nd2 O-O-O 12. Ne4 e5 13. h6 Bf8 14.
Bg5 Re8 15. O-O Be7 16. Bxd5 cxd5 17. Nf6 Qc6 18. dxe5 Rd8 19. Ne4 Rhe8 20.
Nd6+ Kb8 21. Nxf7 Bxg5 22. Nxg5 Rxe5 23. Nf7 Rh5 24. Nxd8 Qc7 25. f4 Qxd8 26.
Qe1 Qf8 {Reeh,O-Maus,So/BL 9293 (1993) ;BL 1993/1-0 (64)}) 7... Bg7 8. O-O O-O
9. Re1 a5 10. c3 Bf5 11. h3 Nd7 12. Nf3 N7b6 13. a3 Qc7 14. Nbd2 a4 15. Ba2 (
15. Bc2 Bxc2 16. Qxc2 c5 $10 (16... Rfd8 {More complicated} 17. Ne4 {[%csl Yb3,
Yc4,Yd5]} Nc4 18. Bg5 b5 {Black dominates the white squares on the Q-side.}))
15... c5 16. dxc5 Qxc5 17. Ne4 Bxe4 18. Rxe4 Rfd8 19. Qc2 e6 20. Bg5 Rdc8 21.
Rae1 Qa5 22. Qe2 Re8 23. Bd2 Qc5 24. Ne5 Qc7 25. Ng4 Nf6 26. Nxf6+ Bxf6 27. Bb1
Ra5 $1 28. h4 Qc6 29. g3 Be7 30. Bf4 Nd7 31. Bc2 Bc5 32. Bg5 Kg7 33. Qd2 f6 34.
Bh6+ (34. Rd1 Nb6 (34... Re7 35. Bh6+ Kf7 36. Be3 Bxe3 37. Qxe3 {[%cal Ye3h6]}
f5 38. Red4 $36 {[%csl Yd6]}) 35. Bh6+ Kf7 36. c4 Raa8 $10) 34... Kf7 35. h5 $6
f5 36. Rh4 Nf6 37. hxg6+ hxg6 38. Be3 Bxe3 39. Qxe3 Raa8 40. Bd1 $2 (40. Qe5
$142) 40... e5 41. Bf3 e4 42. Be2 Rad8 43. Rh6 Rh8 44. Rxh8 Rxh8 45. Rd1 Kg7
46. Qf4 Re8 47. Qd6 e3 48. f3 $2 (48. Qxc6 $142 bxc6 49. Bf3) 48... Qxd6 49.
Rxd6 Nh5 50. Rd7+ Kh6 51. Kg2 f4 52. gxf4 Nxf4+ 53. Kf1 Kg5 54. Rxb7 Rh8 (54...
Rh8 55. Rb5+ Kf6 56. Rb6+ Ke5 57. Rb5+ Kd6 58. Rg5 Rh2 59. Rg4 Rf2+ $19) 0-1

[Event "New York CITS"]
[Site "New York"]
[Date "1996.??.??"]
[Round "8"]
[White "Wolff, Patrick G"]
[Black "De Firmian, Nick E"]
[Result "1-0"]
[WhiteElo "2565"]
[BlackElo "2595"]
[Annotator "Blatny,P"]
[PlyCount "87"]
[EventDate "1996.03.??"]
[EventType "tourn"]
[EventRounds "11"]
[EventCountry "USA"]
[EventCategory "13"]
[SourceTitle "CBM 052"]
[Source "ChessBase"]
[SourceDate "1996.06.01"]
[SourceVersion "1"]
[SourceVersionDate "1996.06.01"]
[SourceQuality "1"]

1. e4 {Hecht} Nf6 2. e5 Nd5 3. d4 d6 4. Nf3 dxe5 5. Nxe5 g6 6. g3 (6. Bc4 c6 7.
O-O Bg7 8. Re1 O-O 9. Bb3 Be6 10. Nd2 Nd7 11. Nef3 Nc7 {Yudasin,L-Agdestein,S/
Moscow PCA-op 25' (05) ;EXP 40 1994/1/2-1/2 (39)}) (6. Be2 Bg7 7. O-O O-O 8.
Re1 c5 9. dxc5 Bxe5 10. Bf3 Nb4 11. Rxe5 N8c6 12. Re1 Bf5 13. Na3 Qxd1 14. Bxd1
Rfd8 {Schulz Knappe,F-Dausch,R/PF-ch Bellheim ;GER 09 1994/0-1 (38)}) 6... Nd7
(6... Bg7 7. Bg2 O-O 8. O-O c6 9. Re1 Bf5 10. c3 Nd7 11. Nf3 Re8 12. Nbd2 $14 {
Anand-Adams/Linares/1994/}) 7. Bg2 (7. Nf3 Bg7 8. Bg2 c5 9. O-O O-O 10. c3 cxd4
11. Nxd4 N7f6 12. Re1 Re8 13. c4 Nb6 14. b3 Bg4 {Finkel-Loeffler/Tel Aviv/1995/
}) 7... Nxe5 8. dxe5 c6 9. O-O Bg7 10. Qe2 Be6 (10... h5 11. c4 Nb6 12. Na3 Bg4
13. f3 Be6 14. f4 Qc8 15. b3 h4 {Glek,I-Loeffler,S/BL 9394 (1994) ;BL 1994/1-0
(44)}) 11. b3 Qc8 (11... Qc7 12. Bb2 {/\Re1,Pe5}) 12. Bb2 Bh3 13. Nd2 Bxg2 14.
Kxg2 O-O 15. c4 Nc7 (15... Nb4 16. a3 Na6 (16... Nc2 17. Rac1 Qf5 18. g4 $18)
17. Rfd1 $14) 16. Ne4 Qf5 17. f4 Ne6 (17... Rad8 18. g4) 18. Qf3 (18. g4 Nxf4+
19. Kf2 Nxe2+ 20. gxf5 gxf5 21. Kxe2 fxe4 $19) 18... h5 19. h3 Bh6 20. Rae1 (
20. Rad1 h4) 20... Rad8 (20... h4 21. Bc1) 21. Rf2 h4 22. g4 (22. Ref1 Nd4 23.
Bxd4 Rxd4) 22... Nxf4+ 23. Kh2 Qe6 (23... Qc8 24. g5 Nd3 $19) 24. Nc5 Qc8 25.
Bc1 b6 (25... g5 $5) 26. Ne4 (26. Bxf4 Bxf4+ 27. Qxf4 bxc5 28. Qg5 $13) 26...
Rd3 27. Re3 (27. Be3 Ne6 $17) 27... Nxh3 28. Kxh3 (28. Qxh3 Bxe3 29. Bxe3 Qe6 {
קe5}) 28... Bxe3 29. Bxe3 Qe6 30. Qf4 f5 (30... f6 31. Qh6 Qf7 32. Rxf6 exf6
33. Nxf6+ Qxf6 34. exf6 Rxf6 35. Kxh4 $18) 31. Kxh4 (31. Ng5 fxg4+ 32. Kxh4
Rxf4 33. Nxe6 Rf3 $17) 31... Rxe3 32. Qxe3 fxe4 (32... Qxe5 33. gxf5 $16) 33.
Rxf8+ Kxf8 34. Qxe4 {Hecht: D-D: Raum, aktiver wK, schwarze Bauernschwächen}
Kg7 35. Kg5 c5 $2 (35... b5 $142) 36. a3 a6 37. a4 Kf7 38. Qe3 Kg7 (38... a5)
39. a5 Qc6 40. axb6 Qxb6 41. Qh3 Kg8 42. Qd3 Kf7 43. Qd5+ Kf8 44. e6 1-0

[Event "Moscow Veterans"]
[Site "Moscow"]
[Date "1991.??.??"]
[Round "?"]
[White "Geller, Efim P"]
[Black "Bagirov, Vladimir"]
[Result "1/2-1/2"]
[WhiteElo "2525"]
[BlackElo "2485"]
[Annotator "Blatny,P"]
[PlyCount "39"]
[EventDate "1991.06.??"]
[EventType "tourn"]
[EventRounds "9"]
[EventCountry "URS"]
[EventCategory "10"]
[SourceTitle "CBM 025"]
[Source "ChessBase"]
[SourceDate "1991.12.01"]
[SourceVersion "1"]
[SourceVersionDate "1991.12.01"]
[SourceQuality "1"]

1. e4 Nf6 2. e5 Nd5 3. d4 d6 4. Nf3 dxe5 {Larsen} 5. Nxe5 g6 (5... e6 6. Qf3 {
/\Qg3}) (5... Nd7 $5 6. Nxf7 $1 {--> CBM24}) 6. Bc4 c6 (6... Be6 7. Nc3 $1 Bg7
8. Ne4 Bxe5 9. dxe5 Nc6 10. Nc5 Ne3 $1 $10) 7. O-O Bg7 $1 8. Qe2 (8. Re1 O-O 9.
c3 (9. Bb3 Be6 10. c3 Nd7 11. Nf3 Nc7 12. Bxe6 Nxe6 13. Qb3 $14 {
Tseshkovsky-Kengis, Riga 1981}) 9... Be6 10. Nd2 Nd7 11. Nef3 $1 Nc7 12. Bf1 $1
c5 13. Nb3 $14 {Ivanov,A-Schmidt, Riga 1982}) 8... O-O 9. Bb3 a5 10. a3 a4 (
10... Qb6 11. Rd1 Nd7 $10) 11. Ba2 Be6 12. c4 Nc7 13. Rd1 Nd7 14. Bf4 Nxe5 15.
Bxe5 Bxe5 16. dxe5 Qb8 17. Nc3 Ra5 18. h3 Ne8 19. f4 Ng7 20. Ne4 1/2-1/2

[Event "Isle of Lewis"]
[Site "Isle of Lewis"]
[Date "1995.??.??"]
[Round "3"]
[White "Polgar, Judit"]
[Black "Agdestein, Simen"]
[Result "1/2-1/2"]
[WhiteElo "2630"]
[BlackElo "2600"]
[Annotator "Blatny,P"]
[PlyCount "49"]
[EventDate "1995.??.??"]
[EventType "tourn"]
[EventRounds "6"]
[EventCountry "SCO"]
[EventCategory "14"]
[SourceTitle "CBM 049"]
[Source "ChessBase"]
[SourceDate "1995.12.01"]
[SourceVersion "1"]
[SourceVersionDate "1995.12.01"]
[SourceQuality "1"]

1. e4 Nf6 2. e5 Nd5 3. d4 d6 4. Nf3 dxe5 5. Nxe5 g6 6. c4 (6. Qf3 Be6 7. c4 Nb4
8. Qxb7 Qxd4 9. Qxa8 (9. Qxb4 Qxe5+ 10. Be2 Nd7 11. Nc3 Bg7 12. O-O O-O 13. Be3
Rab8 14. Qa3 Nb6 15. Qa6 Rfd8 16. Rac1 Bc8 17. Qa3 Bb7 18. b3 Bc6 19. Rfe1 e6
20. Bf1 Bf8 {Ziska,B-Flindtholt,B/Festuge op ;EXT 91op 1991/1/2-1/2 (60)}) 9...
Nc2+ 10. Ke2 Qxe5+ 11. Kd1 Qd4+ $1 12. Nd2 (12. Kxc2 Bf5+ 13. Kb3 Qb6+ 14. Kc3
Bg7+ 15. Kd2 Bxb2 16. Bxb2 Qxb2+ 17. Ke1 O-O $15) 12... Nxa1 13. Qxb8+ Kd7 14.
Qb5+ Kd8 15. Qb8+ Bc8 16. f4 Qxf4 17. Qxa7 Bg7 18. Be2 Qd6 $15) 6... Nb6 7. Nc3
Bg7 8. Be3 O-O (8... c5 9. dxc5 (9. Qf3 O-O 10. O-O-O Qe8 11. Be2 Na6 12. h4
Na4 13. Nd5 Be6 14. h5 Bxd5 15. cxd5 cxd4 16. Bxd4 Nb4 17. Kb1 Qc8 18. g4 Qc2+
19. Ka1 Rac8 20. hxg6 fxg6 21. Qh3 h6 22. Bb5 Rf4 23. g5 Rxd4 24. Qe6+ Kh7 25.
Rxh6+ Bxh6 26. Qxe7+ Kg8 27. Qe6+ Kh7 28. Qe7+ Kg8 29. Qf7+ Kh8 30. Qf6+ Kh7
31. Qf7+ {1/2-1/2 Nielsen,U-Maus,So/Gausdal PG (09) ;TD 90\05 1990}) 9... Qxd1+
10. Rxd1 Bxe5 11. cxb6 Bxc3+ 12. bxc3 axb6 13. Rd2 Nd7 14. Be2 Nc5 15. O-O Bf5
16. Bf3 Be4 17. Bxc5 Bxf3 18. Bd4 e5 19. Bxe5 f6 20. Re1 fxe5 21. Rxe5+ Kf7 22.
gxf3 Rhc8 23. Rd7+ {Ernst,T-Bagirov,V/Helsinki op (09) ;CBM 32 1992/1-0 (57)})
(8... Nc6 9. Nxc6 bxc6 10. Qd2 a5 11. Be2 a4 12. Rd1 O-O 13. Bh6 e5 14. Bxg7
Kxg7 15. c5 Nd7 16. O-O Nf6 17. dxe5 Nd5 18. Bf3 Be6 19. Bxd5 Bxd5 20. f4 Rb8
21. f5 f6 22. fxg6 fxe5 23. Rxf8 Qxf8 24. Nxd5 Rd8 25. gxh7 Rxd5 26. Qg5+ Kxh7
27. Rf1 Qxc5+ 28. Kh1 Rd7 29. Qf5+ {1-0 Ivanov,AV-Men,B/USA-ch (07) ;TD 92\10
1992}) (8... Be6 9. f4 c6 10. Qb3 O-O 11. Be2 N8d7 12. O-O Nf6 13. Rad1 Qc7 14.
d5 cxd5 15. cxd5 Bd7 16. Nxd7 Nfxd7 17. d6 Qd8 18. Bf3 exd6 19. Rxd6 Qe7 20.
Ne4 Rac8 21. Rfd1 Rc7 22. Bd4 Bxd4+ 23. R6xd4 {Bode,W-Kengis,E/BL2-W 9192 
(1992) ;BL2 1992/1/2-1/2 (33)}) 9. Qf3 (9. f4 c6 (9... N6d7 10. Qf3 c5 11.
O-O-O Qa5 12. Nxd7 Nxd7 13. Bf2 Rb8 14. Be2 cxd4 15. Bxd4 e5 16. fxe5 Nxe5 17.
Qd5 Qxd5 18. Nxd5 b6 19. Rhe1 Be6 20. Bf1 Nc6 21. Bxg7 Kxg7 22. b3 Rbd8 23. Kb2
g5 24. Kc3 {Gdanski,J-Tomaszewski,R/Naleczow (03) ;EXT 88 1988/1-0 (39)}) 10.
Qf3 f6 11. Ng4 Be6 12. b3 Bxg4 13. Qxg4 f5 14. Qg3 e6 15. Rd1 Qe7 16. Be2 N8d7
17. O-O a5 18. Kh1 Qb4 19. Bf2 Qe7 20. Rfe1 Qf7 21. Na4 Nxa4 22. bxa4 Nf6 23.
Qb3 Ne4 {Pokojowczyk,J-Tomaszewski,R/POL-ch (02) ;MCL 04 1980/1-0 (44)}) (9.
Rc1 Bf5 10. Be2 {Short,N-Alburt,L/Hastings/1983/}) 9... f6 10. Nd3 (10. Nxg6
hxg6 11. c5 N6d7 $1 12. Bc4+ Rf7 $1 $15 (12... Kh7 $2 13. Qh3+ Bh6 14. Qxh6#))
10... e5 $1 {The better developed player opens the center.} 11. dxe5 fxe5 12.
Qd1 Nc6 13. Nc5 Qe8 14. Nd5 Qf7 15. Ne4 Bf5 16. Ng5 Qd7 17. Nxb6 Qxd1+ 18. Rxd1
axb6 19. c5 {Tricky} h6 (19... Rxa2 $2 20. Bc4+) 20. Bc4+ Kh8 21. h4 $1 b5 22.
Nf7+ {With a perpetual.} Kh7 23. Ng5+ Kh8 24. Nf7+ Kh7 25. Ng5+ 1/2-1/2

[Event "Balatonbereny GM"]
[Site "Balatonbereny"]
[Date "1995.??.??"]
[Round "11"]
[White "Malakhov, Vladimir"]
[Black "Gyimesi, Zoltan"]
[Result "1-0"]
[WhiteElo "2510"]
[BlackElo "2525"]
[Annotator "Blatny,P"]
[PlyCount "53"]
[EventDate "1995.08.??"]
[EventType "tourn"]
[EventRounds "11"]
[EventCountry "HUN"]
[EventCategory "11"]
[SourceTitle "CBM 050"]
[Source "ChessBase"]
[SourceDate "1996.02.01"]
[SourceVersion "1"]
[SourceVersionDate "1996.02.01"]
[SourceQuality "1"]

1. e4 Nf6 2. e5 Nd5 3. d4 d6 4. Nf3 Nb6 5. Be2 g6 6. O-O Bg7 7. exd6 cxd6 8. c4
O-O 9. h3 e5 $146 (9... Nc6 10. Nc3 Bf5 (10... e5 11. dxe5 Nxe5 12. Nxe5 Bxe5
13. Bh6 Re8 14. Qd2 Be6 $13 {Zatulovskaya,T-Koglin,A/BLW 9394 (1994) ;BIG 1994}
) 11. b3 (11. d5 Na5 12. Nd4 Naxc4 13. Nxf5 gxf5 14. Bd3 e6 $13 {1/2-1/2
Sznapik,A-Chekhov,V/POL-chT (Lubniewice) ;TD 93\08 1993}) 11... d5 12. c5 Nd7
13. Bg5 $6 (13. Bb2 Be4 14. Na4 e6 15. Qd2 Nf6 $2 (15... Rc8 $142 16. Rfe1 e5
17. dxe5 Re8 $132) (15... Re8 16. b4 $36) 16. Ne5 $1 g5 $8 17. f3 $6 (17. Nxc6
bxc6 18. Qxg5 Rb8 19. Rfe1 $16) (17. Qxg5 Nxe5 18. Qxe5 $16) 17... Bg6 18. Nxg6
hxg6 19. Qxg5 Nh5 $14 {Kacirek,P-Zvolanek,Li/CZE-ch (07) ;TD 93\10 1993}) 13...
Nxc5 $1 14. Rc1 Ne4 15. Be3 Rc8 16. Nh4 Nxc3 17. Rxc3 Bd7 $17 {Neckar,L-Nemec,
P/CZE-chT ;TD 93\08 1993}) 10. Nc3 Nc6 (10... exd4 $142 11. Nxd4 d5 12. cxd5
Nxd5 13. Re1 $14) (10... f5 $6 11. Bg5 Qc7 12. Nb5 $14) 11. Be3 (11. d5 Ne7 (
11... Nd4 $5 12. Nxd4 exd4 13. Nb5 Re8 14. Re1 a6 $1 15. Na3 (15. Nxd4 Nxc4 $1
16. Bxc4 Rxe1+ 17. Qxe1 Bxd4 $15) 15... Bf5 16. Nc2 $140 $2 (16. g4 Bd7 17. Nc2
Qh4 18. Kg2 Rac8 $36) 16... Rxe2 $1 $19) 12. b3 Bf5 13. Re1 $14) (11. Bg5 $5 f6
12. Be3 $14 exd4 $140 13. Nxd4 d5 $2 14. cxd5 Nxd4 (14... Nxd5 15. Bc4 $18) (
14... Ne5 15. Qb3 $16) 15. Qxd4 f5 16. Qd3 $16) 11... Bf5 (11... exd4 12. Nxd4
d5 13. cxd5 Ne7 $5 (13... Nxd5 14. Nxd5 Qxd5 15. Bf3 $14) 14. d6 Qxd6 15. Ndb5
$14) (11... d5 12. Nxe5 Nxe5 13. dxe5 Nxc4 14. Bxc4 dxc4 15. f4 $14) 12. d5 Ne7
(12... Nb4 13. Rc1 Re8 14. a3 Na6 15. b4 $14) 13. a4 $1 a5 $6 (13... Nd7 $4 14.
g4 $18) (13... Rc8 14. Qb3 $16) (13... Nbc8 $142 $5 14. a5 Bd7 $1 15. b4 $140 (
15. c5 $36) 15... f5 $132) 14. Qb3 Nec8 15. c5 $16 dxc5 16. Bxc5 Re8 17. Rfd1
h5 18. Nb5 $1 {/\d6,Nc7} (18. d6 Be6 19. Qc2 (19. Qb5 Bd7 20. Qd3 Bc6 $14)
19... Bf5 20. Bd3 Bxd3 21. Qxd3 Nd7 $14) 18... Nd7 (18... Bd7 $5) 19. Be3 e4 $2
(19... Bf8 $2 20. Rac1 $18) (19... Rb8 $142 20. Rac1 $16) 20. Nfd4 Nc5 (20...
Re5 $2 21. Bf4 Nc5 22. Qa3 Rxd5 23. Nxf5 gxf5 24. Rxd5 Qxd5 25. Nc7 $18) (20...
Nf6 21. Nxf5 gxf5 22. Bg5 Qb6 23. d6 $18) 21. Qc4 Bxd4 22. Nxd4 b6 23. Nxf5 $18
gxf5 24. Bxh5 Nd6 25. Qc3 Nd3 $2 (25... Kh7 26. Bxc5 bxc5 27. Qxc5 Rb8 28. Qc3
$18 {_|_}) (25... Nd7 26. Bh6 Qf6 27. Qg3+ Kh8 28. Bg5 Qg7 29. Qxd6 Qxg5 30.
Bxf7 $18) 26. Bh6 Ne5 (26... Re5 27. Rxd3 $18) 27. Qg3+ 1-0

[Event "Hamburg SKA"]
[Site "Hamburg"]
[Date "1991.07.10"]
[Round "12"]
[White "Wahls, Matthias"]
[Black "Maus, Soenke"]
[Result "1-0"]
[WhiteElo "2560"]
[BlackElo "2400"]
[Annotator "Blatny,P"]
[PlyCount "79"]
[EventDate "1991.06.27"]
[EventType "tourn"]
[EventRounds "13"]
[EventCountry "GER"]
[EventCategory "11"]
[SourceTitle "CBM 024"]
[Source "ChessBase"]
[SourceDate "1991.10.01"]
[SourceVersion "1"]
[SourceVersionDate "1991.10.01"]
[SourceQuality "1"]

1. e4 Nf6 2. e5 Nd5 3. d4 d6 4. Nf3 dxe5 (4... g6 {--> Bologan-Oniscuk CBM24})
5. Nxe5 g6 (5... Nd7 6. Nxf7 Kxf7 7. Qh5+ Ke6 8. c4 N5f6 9. d5+ Kd6 10. Qf7 $1
Nb8 (10... Nb6 11. c5+ Kxc5 12. Be3+ Kd6 13. Nc3 Nbxd5 14. Nxd5 Nxd5 15. Qxd5+
Kxd5 16. O-O-O+ Kc6 17. Rxd8 b6 18. Be2 Kb7 19. Bf3+ c6 20. Rhd1 {/\Re8,Rdd8 +-
}) (10... Ne5 11. Bf4 c5 12. Nc3 a6 13. b4 $1 cxb4 (13... b6 14. Rb1 g6 15.
bxc5+ bxc5 16. Rb7 $1 $18) (13... Qc7 14. O-O-O Nfg4 15. Be2 Kd7 16. Bxg4+ Kd8
17. d6 $18 {Votava-Sarkoezy, CSSR 1988}) (13... Qb6 14. bxc5+ Qxc5 15. Rd1 g5
$1 16. Bg3 (16. Bxe5+ Kxe5 17. Be2 Bh6 18. d6 $8 Be6 19. Qxe7 Rhf8 20. Qxb7 (
20. O-O Rf7 21. Rfe1 Rxe7 22. dxe7 $44 {Horvath}) 20... Rab8 21. Qf3 g4 22.
Qg3+ Bf4 23. Qh4 Bxc4 24. g3 $1 Be3 $1 25. O-O $1 $13 Bxe2 26. Nxe2 Rb2 27.
Rde1 Kxd6 28. fxe3 Qxe3+ 29. Kh1 Qe4+ $10) 16... Qa3 17. Rd3 (17. Nb1 Qxg3 $1 {
/\Nxf7}) 17... Qc1+ 18. Nd1 Nfg4 $13) 14. c5+ Kxc5 15. Na4+ Kd6 16. Nb2 $16)
11. c5+ Kd7 (11... Kxc5 12. Be3+ Kd6 13. Na3 a6 14. Nc4+ Kd7 15. d6 $16) 12.
Bb5+ c6 13. dxc6+ bxc6 14. O-O Kc7 15. Bf4+ Kb7 16. Qb3 Nfd7 17. Bxc6+ Kxc6 18.
Qf3+ Kxc5 19. Rc1+ Kb6 20. Qb3+ Ka6 21. Qc4+ Kb7 22. Qd5+ Ka6 23. Bc7 $40) 6.
Bc4 (6. Qf3 Be6 7. c4 Nb4 8. Qxb7 Nc2+ 9. Kd1 Nxa1 10. Qxa8 Bg7 11. Bd2 O-O 12.
Nd3 Qxd4 13. Nc3 $13) (6. c4 Nf6 7. Be2 Bg7 8. Nc3 O-O 9. Bf4 $14 {Dolmatov})
6... c6 (6... Be6 7. O-O (7. Nc3 $1 Bg7 8. Ne4 Bxe5 9. dxe5 Nc6 10. b3 $1 Nxe5
(10... O-O 11. Bh6 Re8 12. Nc5) 11. Bb2 f6 12. Bxe5 fxe5 13. Nc5 (13. Ng5 Bg8
14. Qe2 Qd6 $13) 13... Bf7 14. Nxb7 Qd7 15. O-O Qc6 16. Na5 Qc5 17. Bxd5 Bxd5
18. b4 Qd6 19. c4 Be4 20. Qe2 Bf5 21. c5 $18 {Vlasak-Petanek, CSFR corr 1990})
7... Bg7 8. Re1 O-O 9. Nd2 Nd7 10. Nef3 $1 {[+]} N7f6 11. Bf1 {/\c4,b3 +/=
Unzicker-Williams, Buenos Aires (ol) 1978}) 7. O-O (7. Qf3 Be6 8. Nc3 Bg7 9.
O-O O-O 10. Ne4 Nd7 11. Nxd7 Bxd7 12. Rd1 $14) 7... Bg7 8. Re1 (8. Qe2 {
--> Arakhamia-Efimov CBM24}) 8... O-O 9. Bb3 Be6 10. c3 Nd7 11. Nf3 (11. Nd3
Bf5 12. Bg5 Re8 $10) 11... Bg4 (11... Nc7 12. Bxe6 Nxe6 13. Qb3 Qb6 14. Qc4 c5
15. d5 Nc7 16. Rxe7 Qd6 17. Re1 Qxd5 18. Na3 $14 {Tseshkowsky-Kengis, USSR 1979
}) 12. h3 Bxf3 13. Qxf3 e6 14. Nd2 b5 15. Ne4 a5 16. a4 Qb6 17. Nd6 b4 $2 (
17... Qc7 $6 18. Bxd5 exd5 19. Bf4 {/\ axb5 +/-/+-}) (17... N7f6 $142 18. axb5
(18. Bg5 Qc7 $5 $13) 18... cxb5 19. Ne4 Nxe4 20. Rxe4 $14 {^^}) 18. c4 N5f6 19.
c5 $1 Qc7 (19... Qa6 20. Bc4 $18) 20. Bf4 Nd5 $8 21. Bxd5 cxd5 (21... exd5 22.
Nf5 Qb7 $8 23. Nxg7 Kxg7 24. Re7 Rae8 25. Rae1 Rxe7 26. Rxe7 Qc8 27. Qe3 $1 Kg8
28. Bh6 Rd8 29. Qf4 $18) 22. Nf5 Qd8 23. Nxg7 Kxg7 24. Rac1 Kg8 25. c6 Nb6 26.
b3 $16 Nc8 27. Qg3 Ne7 28. Be5 Nf5 29. Qd3 Rc8 30. Rc5 Qh4 31. g4 Ne7 32. c7 f5
33. Qg3 $1 Qxg3+ 34. Bxg3 f4 (34... Kf7 35. Rxa5 $18) 35. Bh4 Kf7 36. Bg5 $18
h6 37. Bxf4 g5 38. Bd6 Rfe8 39. Rec1 Ng8 40. Rxa5 1-0